<?xml version="1.0" encoding="UTF-8"?>
<record
    xmlns:xsi="http://www.w3.org/2001/XMLSchema-instance"
    xsi:schemaLocation="http://www.loc.gov/MARC21/slim http://www.loc.gov/standards/marcxml/schema/MARC21slim.xsd"
    xmlns="http://www.loc.gov/MARC21/slim">

  <leader>00958nam a22002417a 4500</leader>
  <controlfield tag="005">20140721151935.0</controlfield>
  <controlfield tag="008">140409s2010    ck abo gr     000 0 spa d</controlfield>
  <datafield tag="020" ind1=" " ind2=" ">
    <subfield code="a">9789589826829</subfield>
  </datafield>
  <datafield tag="041" ind1=" " ind2=" ">
    <subfield code="a">spa</subfield>
  </datafield>
  <datafield tag="044" ind1=" " ind2=" ">
    <subfield code="a">ck</subfield>
  </datafield>
  <datafield tag="082" ind1="0" ind2="4">
    <subfield code="a">918.6144</subfield>
    <subfield code="b">C82a</subfield>
  </datafield>
  <datafield tag="110" ind1="2" ind2=" ">
    <subfield code="a">Corporaci&#xF3;n Aut&#xF3;noma Regional de Chivor</subfield>
    <subfield code="9">4054</subfield>
  </datafield>
  <datafield tag="245" ind1="1" ind2="0">
    <subfield code="a">Atlas geogr&#xE1;fico &amp; ambiental de Corpochivor</subfield>
  </datafield>
  <datafield tag="260" ind1=" " ind2=" ">
    <subfield code="a">Tunja </subfield>
    <subfield code="b">Corpochivor</subfield>
    <subfield code="b">Fondo Mixto para la Promoci&#xF3;n de la Cultura y las Artes de Boyac&#xE1;, </subfield>
    <subfield code="c">2010.</subfield>
  </datafield>
  <datafield tag="300" ind1=" " ind2=" ">
    <subfield code="a">195 p.</subfield>
    <subfield code="b">il., mapas, fot. (col)</subfield>
    <subfield code="c">42 cm. +</subfield>
    <subfield code="e">1 CD-Rom.</subfield>
  </datafield>
  <datafield tag="500" ind1=" " ind2=" ">
    <subfield code="a">Glosario : p. 184-189.</subfield>
  </datafield>
  <datafield tag="504" ind1=" " ind2=" ">
    <subfield code="a">Incluye referencias bibliogr&#xE1;ficas (p. 190)</subfield>
  </datafield>
  <datafield tag="650" ind1=" " ind2="4">
    <subfield code="a">Recursos naturales</subfield>
    <subfield code="z"> Boyac&#xE1; (Dpto. Colombia)</subfield>
    <subfield code="v"> Atlas.</subfield>
    <subfield code="9">25002</subfield>
  </datafield>
  <datafield tag="650" ind1=" " ind2="4">
    <subfield code="a">Geograf&#xED;a</subfield>
    <subfield code="z"> Boyac&#xE1; (Dpto. Colombia)</subfield>
    <subfield code="v"> Atlas.</subfield>
    <subfield code="9">25003</subfield>
  </datafield>
  <datafield tag="650" ind1=" " ind2="4">
    <subfield code="a">Uso de la tierra</subfield>
    <subfield code="z"> Boyac&#xE1; (Dpto. Colombia)</subfield>
    <subfield code="v"> Atlas.</subfield>
    <subfield code="9">25004</subfield>
  </datafield>
  <datafield tag="651" ind1=" " ind2="4">
    <subfield code="a">Colombia</subfield>
    <subfield code="x"> Descripci&#xF3;n</subfield>
    <subfield code="v"> Atlas.</subfield>
    <subfield code="z">Boyac&#xE1;</subfield>
    <subfield code="9">25005</subfield>
  </datafield>
  <datafield tag="942" ind1=" " ind2=" ">
    <subfield code="2">ddc</subfield>
    <subfield code="c">LIBRO</subfield>
  </datafield>
  <datafield tag="999" ind1=" " ind2=" ">
    <subfield code="c">8560</subfield>
    <subfield code="d">8560</subfield>
  </datafield>
  <datafield tag="952" ind1=" " ind2=" ">
    <subfield code="0">0</subfield>
    <subfield code="1">0</subfield>
    <subfield code="2">ddc</subfield>
    <subfield code="4">0</subfield>
    <subfield code="7">0</subfield>
    <subfield code="8">REFERENCIA</subfield>
    <subfield code="I">INV2017</subfield>
    <subfield code="a">Venado</subfield>
    <subfield code="b">Venado</subfield>
    <subfield code="d">2014-07-21</subfield>
    <subfield code="e">Instituto</subfield>
    <subfield code="g">39000.00</subfield>
    <subfield code="l">0</subfield>
    <subfield code="o">RF-918.6144 C82a</subfield>
    <subfield code="p">038143</subfield>
    <subfield code="r">2014-07-21 00:00:00</subfield>
    <subfield code="t">Ej. 1</subfield>
    <subfield code="w">2014-07-21</subfield>
    <subfield code="x">Canje</subfield>
    <subfield code="y">Referencia</subfield>
  </datafield>
  <datafield tag="952" ind1=" " ind2=" ">
    <subfield code="0">0</subfield>
    <subfield code="1">0</subfield>
    <subfield code="2">ddc</subfield>
    <subfield code="4">0</subfield>
    <subfield code="7">0</subfield>
    <subfield code="8">MEDIOSM</subfield>
    <subfield code="a">Bogota</subfield>
    <subfield code="b">Bogota</subfield>
    <subfield code="d">2014-07-21</subfield>
    <subfield code="l">0</subfield>
    <subfield code="o">RF-918.6144 C82a</subfield>
    <subfield code="p">038142</subfield>
    <subfield code="r">2014-07-21 00:00:00</subfield>
    <subfield code="t">Ej. 2</subfield>
    <subfield code="w">2014-07-21</subfield>
    <subfield code="x">Canje</subfield>
    <subfield code="y">CD-ROM</subfield>
  </datafield>
  <datafield tag="952" ind1=" " ind2=" ">
    <subfield code="0">0</subfield>
    <subfield code="1">0</subfield>
    <subfield code="2">ddc</subfield>
    <subfield code="4">0</subfield>
    <subfield code="7">0</subfield>
    <subfield code="8">REFERENCIA</subfield>
    <subfield code="I">INV2017</subfield>
    <subfield code="a">Venado</subfield>
    <subfield code="b">Venado</subfield>
    <subfield code="d">2014-07-21</subfield>
    <subfield code="l">0</subfield>
    <subfield code="o">RF-918.6144 C82a</subfield>
    <subfield code="p">038144</subfield>
    <subfield code="r">2014-07-21 00:00:00</subfield>
    <subfield code="t">Anexo 1 </subfield>
    <subfield code="w">2014-07-21</subfield>
    <subfield code="x">Canje</subfield>
    <subfield code="y">Mapa</subfield>
    <subfield code="z">Mapa de riesgo por incendios forestales 2010</subfield>
  </datafield>
  <datafield tag="952" ind1=" " ind2=" ">
    <subfield code="0">0</subfield>
    <subfield code="1">0</subfield>
    <subfield code="2">ddc</subfield>
    <subfield code="4">0</subfield>
    <subfield code="7">0</subfield>
    <subfield code="8">REFERENCIA</subfield>
    <subfield code="I">INV2017</subfield>
    <subfield code="a">Venado</subfield>
    <subfield code="b">Venado</subfield>
    <subfield code="d">2014-07-21</subfield>
    <subfield code="l">0</subfield>
    <subfield code="o">RF-918.6144 C82a</subfield>
    <subfield code="p">038145</subfield>
    <subfield code="r">2014-07-21 00:00:00</subfield>
    <subfield code="t">Anexo 2</subfield>
    <subfield code="w">2014-07-21</subfield>
    <subfield code="x">Canje</subfield>
    <subfield code="y">Mapa</subfield>
    <subfield code="z">Mapa de Avenidas Torrenciales e Inundaciones  - Marzo 2010</subfield>
  </datafield>
  <datafield tag="952" ind1=" " ind2=" ">
    <subfield code="0">0</subfield>
    <subfield code="1">0</subfield>
    <subfield code="2">ddc</subfield>
    <subfield code="4">0</subfield>
    <subfield code="7">0</subfield>
    <subfield code="8">REFERENCIA</subfield>
    <subfield code="I">INV2017</subfield>
    <subfield code="a">Venado</subfield>
    <subfield code="b">Venado</subfield>
    <subfield code="d">2014-07-21</subfield>
    <subfield code="l">0</subfield>
    <subfield code="o">RF-918.6144 C82a</subfield>
    <subfield code="p">038146</subfield>
    <subfield code="r">2014-07-21 00:00:00</subfield>
    <subfield code="t">Anexo 3</subfield>
    <subfield code="w">2014-07-21</subfield>
    <subfield code="x">Canje</subfield>
    <subfield code="y">Mapa</subfield>
    <subfield code="z">Plan de Gesti&#xF3;n Ambiental 2007-200 Amenaza Rural - Diciembre 2006</subfield>
  </datafield>
  <datafield tag="952" ind1=" " ind2=" ">
    <subfield code="0">0</subfield>
    <subfield code="1">0</subfield>
    <subfield code="2">ddc</subfield>
    <subfield code="4">0</subfield>
    <subfield code="7">0</subfield>
    <subfield code="8">REFERENCIA</subfield>
    <subfield code="I">INV2017</subfield>
    <subfield code="a">Venado</subfield>
    <subfield code="b">Venado</subfield>
    <subfield code="d">2014-07-21</subfield>
    <subfield code="l">0</subfield>
    <subfield code="o">RF-918.6144 C82a</subfield>
    <subfield code="p">038147</subfield>
    <subfield code="r">2014-07-21 00:00:00</subfield>
    <subfield code="t">Anexo 4</subfield>
    <subfield code="w">2014-07-21</subfield>
    <subfield code="x">Canje</subfield>
    <subfield code="y">Mapa</subfield>
    <subfield code="z">Plan de acci&#xF3;n para la incorporaci&#xF3;n de la gesti&#xF3;n del riesgo en los planes de ordenamiento territorial - marzo 2010</subfield>
  </datafield>
</record>
